00725nam a2200217Ia 4500008004100000020001800041050001400059100002500073245005600098245004900154245006000203260003200263260001800295260000900313300001400322300002200336300001000358440001700368999001900385952010300404180207s9999 xx 000 0 und d a9789715080197 bA638 2003 aAñonuevo, Victoria aSi Pilandok at ang manok na nangingitlog ng ginto = bPilandok and the Hen that laid golden eggs / cby Victoria Añonuevo ; illustrated by Kora D. Albano. aMetro Manila, Philippines : bAdarna House, c2003 aunpaged : bchiefly colored ; c23cm. aAdarna lahi. c355792d355792 001040aSSISMbSSISMd2018-02-07l0oER A638 2003pSSISM5337r2018-02-07 00:00:00w2018-02-07yBK